| 000 | 00588pab a2200193 454500 | ||
|---|---|---|---|
| 008 | 180718b2011 xxu||||| |||| 00| 0 eng d | ||
| 100 | _aKumara, Ajantha Sisira | ||
| 245 | _aImpact of cash transfer programmes on school attendance and child poverty: An ex ante simulation for Sri Lanka | ||
| 260 | _c2011 | ||
| 300 | _ap1699-1720 | ||
| 362 | _aNov | ||
| 650 | _aPoverty - Sri Lanka | ||
| 650 | _aEducational Attendance - Sri Lanka | ||
| 650 | _aEducational Attendance | ||
| 700 | _aPfau, Wade Donald | ||
| 773 | _aJournal of Development Studies | ||
| 908 | _aN | ||
| 909 | _a94301 | ||
| 999 |
_c94301 _d94301 |
||